Des célébrités portant les initiales D - Statistiques

Statistiques générales
  • Ce quiz a été pris 107 fois
  • Le résultat moyen est 11 sur 23
Statistiques - réponses
Code Indice Célébrité % Correct
DB Humoriste et acteur français, célèbre pour Bienvenue chez les Ch’tis. Dany Boon
96%
DD Sélectionneur de l’équipe de France de football, champion du monde 2018. Didier Deschamps
96%
DG DJ et producteur musical français. David Guetta
88%
DM Légende argentine du football, champion du monde 1986. Diego Maradona
87%
DT Homme d’affaires et 45e président des États-Unis. Donald Trump
82%
DR Acteur britannique, célèbre pour son rôle d’Harry Potter. Daniel Radcliffe
70%
DL Chanteuse britannique pop et phénomène mondial. Dua Lipa
52%
DK Actrice allemande, célèbre pour Inglourious Basterds. Diane Kruger
49%
DV Footballeur espagnol, champion du monde 2010. David Villa
46%
DS DJ et producteur français, connu mondialement pour ses hits électro. DJ Snake
44%
DJ Actrice américaine connue pour la saga Cinquante nuances. Dakota Johnson
43%
DU Footballeur français, défenseur reconnu. Dayot Upamecano
40%
DA Acteur français renommé, connu pour ses rôles au cinéma et au théâtre. Daniel Auteuil
39%
DH Acteur américain, star de Alerte à Malibu et K 2000. David Hasselhoff
37%
DW Miss France 2012 et animatrice de télévision française. Delphine Wespiser
33%
DZ Gardien légendaire italien, champion du monde 1982. Dino Zoff
30%
DE Co-pilote monégasque célèbre en rallye, notamment avec Sébastien Loeb. Daniel Elena
25%
DY Ancien joueur français de rugby, célèbre pour son agilité au poste de demi de mêlée. Dimitri Yachvili
25%
DO Acteur américain, connu pour Teen Wolf, Le Labyrinthe et Maze Runner. Dylan O'Brien
24%
DN Ancien basketteur allemand, star NBA et MVP 2007. Dirk Nowitzki
20%
DC Ancien footballeur français, vainqueur de la LDC lors d'une finale mythique Djibril Cissé
13%
DP Acteur et humoriste français, connu pour ses rôles au théâtre et au cinéma. Daniel Prévost
12%
DF Acteur américain (Insaisissables) Dave Franco
6%
Aucun quiz correspondant
Distribution des résultats
% des personnes avec chaque résultat
Percentile par nombre de réponses
Votre historique - résultats
Vous n’avez pas pris ce quiz